| 000 | 00776nam a2200241 a 4500 | ||
|---|---|---|---|
| 001 | 1244 | ||
| 003 | BR-CuiBMT | ||
| 005 | 20231201222134.0 | ||
| 008 | 231114s2016 mtba 000 0 por d | ||
| 020 | _a9788579920981 | ||
| 040 |
_aBR-CuiBMT _cBR-CuiBMT |
||
| 080 |
_a633.511 _x(817.2) _22007 |
||
| 090 |
_a633.511(817.2) _bB222a |
||
| 100 | 1 |
_aBaptista, Martha, _d1956- |
|
| 245 | 1 | 0 |
_aAlgodão : _bos pioneiros que transformaram Mato Grosso em um grande produtor / _cMartha Baptista |
| 260 |
_aCuiabá : _bEntrelinhas, _c2016. |
||
| 300 |
_a183 p. ; _bil. color. : _c28 cm |
||
| 504 | _aInclui bibliografia. | ||
| 650 |
_aAlgodão _xAspectos econômicos _zMato Grosso |
||
| 650 |
_aCotonicultura _zMato Grosso |
||
| 650 |
_aAlgodão _xCultivo _zMato Grosso |
||
| 942 |
_2udc _cLV |
||
| 999 |
_c1244 _d1244 |
||